Galatic hot dogs: (Record no. 48148)
| 000 -LEADER | |
|---|---|
| fixed length control field | 01434cam a22002177i 4500 |
| 001 - CONTROL NUMBER | |
| control field | 18801546 |
| 005 - DATE AND TIME OF LATEST TRANSACTION | |
| control field | 20260203100956.0 |
| 020 ## - INTERNATIONAL STANDARD BOOK NUMBER | |
| International Standard Book Number | 9781481424967 |
| 020 ## - INTERNATIONAL STANDARD BOOK NUMBER | |
| International Standard Book Number | 1481424963 |
| 100 1# - MAIN ENTRY--PERSONAL NAME | |
| Personal name | Brallier, Max, |
| Relator term | author. |
| 9 (RLIN) | 84216 |
| 245 14 - TITLE STATEMENT | |
| Title | Galatic hot dogs: |
| Remainder of title | The wiener strikes back / |
| Statement of responsibility, etc | Max Brallier. |
| 260 ## - PUBLICATION, DISTRIBUTION, ETC. (IMPRINT) | |
| Place of publication, distribution, etc | New York: |
| Name of publisher, distributor, etc | Aladdin; |
| Date of publication, distribution, etc | 2016. |
| 300 ## - PHYSICAL DESCRIPTION | |
| Extent | 277 pages : |
| Other physical details | illustrations ; |
| Dimensions | 21 cm. |
| 490 0# - SERIES STATEMENT | |
| Series statement | Galactic hot dogs ; |
| Volume number/sequential designation | book 2 |
| 520 ## - SUMMARY, ETC. | |
| Summary, etc | Cosmoe the Earth-boy and his space-adventuring partners, Big Humphree and Princess Dagger, return--just in time to save the galaxy...Crostini's Cosmic Carnival is a strange, monster-filled space train that travels the galaxy. When Cosmoe catches the attention of the carnival's ringmaster, the Neon Wiener, hot-dog-selling spaceship, becomes part of the show. Cosmoe is now known as Cosmoe the Monster-Tamer--and he's a hit across the galaxy! Just one problem--Cosmoe and his buddies are in some serious danger, and not only from the wild monsters Cosmoe's facing in the ring. Can they save the day and still sell enough wieners to keep Galactic Hot Dogs in business? |
| 650 #0 - SUBJECT ADDED ENTRY--TOPICAL TERM | |
| Topical term or geographic name as entry element | Food trucks. Carnivals. Monsters. Interplanetary voyages. Adventure. |
| Form subdivision | Fiction. Juvenile Fiction. |
| 9 (RLIN) | 85902 |
| 655 #7 - INDEX TERM--GENRE/FORM | |
| Genre/form data or focus term | Science Fiction. Comic books, strips, etc. |
| 9 (RLIN) | 56895 |
| 700 1# - ADDED ENTRY--PERSONAL NAME | |
| Personal name | Maguire, Rachel |
| Relator term | illustrator. |
| 9 (RLIN) | 85903 |
| 700 1# - ADDED ENTRY--PERSONAL NAME | |
| Personal name | Kelley, Nichole, |
| Relator term | illustrator. |
| 9 (RLIN) | 85904 |
| 942 ## - ADDED ENTRY ELEMENTS (KOHA) | |
| Source of classification or shelving scheme | |
| Koha item type | J FIC BOOKS |
| Withdrawn status | Lost status | Source of classification or shelving scheme | Damaged status | Not for loan | Collection code | Home library | Current library | Shelving location | Date acquired | Total Checkouts | Full call number | Barcode | Date last seen | Date checked out | Price effective from | Koha item type |
|---|---|---|---|---|---|---|---|---|---|---|---|---|---|---|---|---|
| SECONDARY | Asian Hope Secondary Library | Asian Hope Secondary Library | Junior Fiction | 01/10/2025 | 1 | J FIC BRA | 207407 | 01/16/2026 | 02/26/2025 | 01/10/2025 | J FIC BOOKS |